[Event "URS-ch55"]
[Site "Moscow"]
[Date "1988.07.??"]
[Round "16"]
[White "Sokolov, Andrei"]
[Black "Beliavsky, Alexander G"]
[Result "1/2-1/2"]
[WhiteElo "2600"]
[BlackElo "2655"]
[Annotator "ChessBase"]
[PlyCount "71"]
[EventDate "1988.07.??"]
[EventType "tourn"]
[EventRounds "17"]
[EventCountry "URS"]
[EventCategory "14"]
[SourceTitle "URS-ch"]
[Source "ChessBase"]
[SourceDate "1999.07.01"]
[SourceVersion "1"]
[SourceVersionDate "1999.07.01"]
[SourceQuality "1"]

1. e4 e5 2. Nf3 Nc6 3. Bb5 a6 4. Ba4 Nf6 5. O-O Be7 6. Re1 b5 7. Bb3 d6 8. c3
O-O 9. h3 Nb8 10. d4 Nbd7 11. Nbd2 Bb7 12. Bc2 Re8 13. a4 Bf8 14. Bd3 c6 15. b3
Rb8 16. Ba3 Nh5 (16... Qb6 $13) 17. Bf1 Nf4 18. Qc2 Bc8 19. Rad1 Qb6 20. b4 $14
Qd8 21. a5 Qf6 22. g3 Ne6 23. Bg2 exd4 24. cxd4 Nxd4 25. Nxd4 Qxd4 26. Qxc6 Qf6
27. Nb1 Qe7 28. Qc2 Bb7 29. Nc3 Rbc8 30. Qd2 Nf6 31. Nd5 Nxd5 32. exd5 Qd7 33.
Rxe8 Qxe8 34. Bb2 Rc4 35. Rc1 Qc8 36. Rxc4 1/2-1/2

[Event "Interzonal-10a"]
[Site "Biel"]
[Date "1976.08.04"]
[Round "18"]
[White "Byrne, Robert Eugene"]
[Black "Matanovic, Aleksandar"]
[Result "1-0"]
[WhiteElo "2540"]
[BlackElo "2525"]
[Annotator "ChessBase"]
[PlyCount "119"]
[EventDate "1976.07.11"]
[EventType "tourn"]
[EventRounds "19"]
[EventCountry "SUI"]
[EventCategory "12"]
[SourceTitle "IZT"]
[Source "ChessBase"]
[SourceDate "1999.07.01"]
[SourceVersion "1"]
[SourceVersionDate "1999.07.01"]
[SourceQuality "1"]

1. e4 e5 2. Nf3 Nc6 3. Bb5 a6 4. Ba4 Nf6 5. O-O Be7 6. Re1 b5 7. Bb3 d6 8. c3
O-O 9. h3 Nb8 10. d4 Nbd7 11. c4 c6 12. Nbd2 Bb7 13. Bc2 Ne8 (13... c5 $1 14.
d5 Nb6 15. b3 Bc8 $10) 14. Qe2 Qb6 15. Nb3 c5 16. d5 g6 17. Bd2 b4 18. Bh6 Ng7
19. Nbd2 Nf6 20. g4 Kh8 21. Nf1 Ng8 22. Bd2 Bc8 23. Ng3 Bd7 24. Kh2 a5 25. Rg1
a4 26. Bd3 a3 27. b3 f6 28. Rg2 Rf7 29. Rag1 Raf8 30. Ne1 f5 31. gxf5 gxf5 32.
exf5 Qd8 33. f4 Bf6 34. Nf3 exf4 35. Bxf4 Bc8 36. Qc2 Be7 37. Kh1 Bf6 38. Nf1
Qd7 39. Ne3 Re8 40. Qf2 Ne7 41. Ng5 Bxg5 42. Rxg5 Nexf5 43. Nxf5 Nxf5 44. Qg2
Nh6 45. Bh2 Rd8 46. Rh5 Ng8 47. Bxd6 Qxd6 48. Bxh7 Nf6 49. Bg8+ Nxh5 50. Bxf7
Qd7 51. Bxh5 Qxh3+ 52. Qxh3 Bxh3 53. Bg4 Bxg4 54. Rxg4 Re8 55. Rg1 Kh7 56. d6
Rd8 57. Rd1 Kg7 58. Kg2 Kf7 59. Kf3 Ke6 60. d7 1-0

[Event "URS-ch56"]
[Site "Odessa"]
[Date "1989.??.??"]
[Round "?"]
[White "Balashov, Yuri S"]
[Black "Beliavsky, Alexander G"]
[Result "1-0"]
[WhiteElo "2535"]
[BlackElo "2620"]
[Annotator "ChessBase"]
[PlyCount "135"]
[EventDate "1989.09.??"]
[EventType "tourn"]
[EventRounds "15"]
[EventCountry "URS"]
[EventCategory "13"]
[SourceTitle "URS-ch"]
[Source "ChessBase"]
[SourceDate "1999.07.01"]
[SourceVersion "1"]
[SourceVersionDate "1999.07.01"]
[SourceQuality "1"]

1. e4 e5 2. Nf3 Nc6 3. Bb5 a6 4. Ba4 Nf6 5. O-O Be7 6. Re1 b5 7. Bb3 d6 8. c3
O-O 9. h3 Nb8 10. d4 Nbd7 11. Nbd2 Bb7 12. Bc2 Re8 13. a4 Bf8 14. Bd3 c6 15.
Nf1 d5 16. Bg5 dxe4 17. Rxe4 Be7 (17... h6 $2 18. Bxf6 Qxf6 19. N1h2 $16 {
Lobron-Smejkal}) (17... exd4 $2 18. Rxd4 Qc7 19. Bf4 Qb6 {Huebner-Spassky (5)/
Venice m/1989/} 20. Rxd7 $1 Nxd7 21. Bxh7+ Kxh7 22. Ng5+ Kg8 23. Qxd7 Be7 24.
Re1 Kf8 25. Bd6 Qd8 26. Rxe7 Rxe7 27. Bxe7+ Qxe7 28. Nh7+ $18) 18. Re1 (18. Re2
$5 {Van der Wiel,J-Van der Sterren,P/NLD-ch/1990/ ->}) 18... exd4 19. Nxd4 Bf8
20. Nf5 Qc7 (20... Ne5 21. Bc2 Qxd1 22. Raxd1 Nd5 23. N1e3 $14 {Balashov}) (
20... h6 21. Be3 Ne5 22. Bc2 {Huebner,R-Van der Sterren,P/Munich/1990/1/2-1/2/
22/ ->}) 21. Qd2 Rad8 22. Rxe8 Rxe8 23. Bf4 Qb6 24. a5 Qd8 25. Nd6 Bxd6 26.
Bxd6 c5 27. Ng3 c4 28. Bc2 Nc5 29. f3 Re5 30. Qd4 Rd5 31. Bxc5 Rxd4 32. Bxd4
Nd5 33. Re1 f6 34. Be4 Qxa5 35. Nf5 Qd8 36. Bc5 Qd7 37. Bxd5+ Bxd5 38. Ne7+ Kf7
39. Rd1 Qc7 40. Rxd5 Qf4 41. Rd1 Qe5 42. Nd5 Qe2 43. Ne3 Qxb2 44. Rd7+ Kg8 45.
Rd8+ Kf7 46. Rd7+ Kg8 47. Rd8+ Kf7 48. f4 Qxc3 49. f5 g6 50. Rd7+ Ke8 51. Re7+
Kd8 52. Bb6+ Kc8 53. Nd5 Qa1+ 54. Kh2 gxf5 55. Rc7+ Kd8 56. Rxh7+ Ke8 57. Re7+
Kf8 58. Bc5 Kg8 59. h4 f4 60. h5 f3 61. gxf3 Kh8 62. h6 Qc1 63. Re8+ Kh7 64.
Nxf6+ Kg6 65. Ng4 c3 66. Re6+ Kf7 67. Re7+ Kg6 68. Rg7+ 1-0

[Event "Montreal International"]
[Site "Montreal"]
[Date "1979.04.25"]
[Round "11"]
[White "Kavalek, Lubomir"]
[Black "Spassky, Boris Vasilievich"]
[Result "1/2-1/2"]
[WhiteElo "2590"]
[BlackElo "2640"]
[Annotator "ChessBase"]
[PlyCount "85"]
[EventDate "1979.04.11"]
[EventType "tourn"]
[EventRounds "18"]
[EventCountry "CAN"]
[EventCategory "15"]
[SourceTitle "MCL"]
[Source "ChessBase"]
[SourceDate "1999.07.01"]
[SourceVersion "1"]
[SourceVersionDate "1999.07.01"]
[SourceQuality "1"]

1. e4 e5 2. Nf3 Nc6 3. Bb5 a6 4. Ba4 Nf6 5. O-O Be7 6. Re1 b5 7. Bb3 d6 8. c3
O-O 9. h3 Nb8 10. d4 Nbd7 11. Nbd2 Bb7 12. Bc2 Re8 13. Nf1 Bf8 14. Ng3 g6 15.
a4 c5 16. d5 c4 17. Bg5 Nc5 (17... Rb8 18. Qd2 Bc8 19. axb5 axb5 20. Ra2 Bg7
21. Rea1 Nc5 {Spassky,B-Karpov,An (10)/Leningrad cm/1974/1/2-1/2/}) (17... h6 {
main line} 18. Be3 Nc5 19. Qd2 Kh7 20. Nh2 Bg7 21. Rf1 h5 22. f3 {Spassky,
B-Portisch,L (9)/Geneve cm/1977/1-0/}) 18. Qd2 Be7 19. Bh6 Nfd7 (19... Rb8 $5)
20. Nh2 Rb8 21. Rf1 Bc8 22. axb5 axb5 23. Kh1 (23. Ng4 $142 $1 Nf6 24. Nxf6+
Bxf6 25. f4 exf4 26. Qxf4 Nd7 27. e5 $40) 23... Bf8 24. Bg5 Be7 25. Be3 Bf8 26.
Ng4 Qe7 27. Bg5 f6 28. Be3 Bg7 29. Nh2 {/\f2-f4} Rb7 30. Ra5 Qd8 31. Ra2 Qe7
32. Ne2 Nb6 33. Ng3 Rf8 34. f4 $6 {><e5} exf4 35. Bxf4 Nbd7 36. Nf3 Ne5 37.
Raa1 Ned3 $15 38. b4 $5 (38. Bxd3 $2 Nb3 39. Qf2 Nxa1 $19) 38... Nxe4 39. Nxe4
Qxe4 40. Bxd3 cxd3 41. Rad1 g5 $2 (41... Bf5 $1 $17) 42. Bg3 Bf5 43. Qa2 (43.
Qa2 Qc4 (43... Bg6 44. Nd4 Bf7 45. Rf5 Bg6) 44. Qxc4 bxc4 45. Nd2 $14) 1/2-1/2

[Event "Vrsac"]
[Site "Vrsac"]
[Date "1989.??.??"]
[Round "6"]
[White "Popovic, Petar"]
[Black "Lalic, Bogdan"]
[Result "1/2-1/2"]
[WhiteElo "2550"]
[BlackElo "2500"]
[Annotator "ChessBase"]
[PlyCount "65"]
[EventDate "1989.09.??"]
[EventType "tourn"]
[EventRounds "11"]
[EventCountry "YUG"]
[EventCategory "10"]
[SourceTitle "CBM 015"]
[Source "ChessBase"]
[SourceDate "1990.04.01"]
[SourceVersion "1"]
[SourceVersionDate "1990.04.01"]
[SourceQuality "1"]

1. e4 e5 2. Nf3 Nc6 3. Bb5 a6 4. Ba4 Nf6 5. O-O Be7 6. Re1 b5 7. Bb3 d6 8. c3
O-O 9. h3 Nb8 10. d4 Nbd7 11. Nbd2 Bb7 12. Bc2 Re8 13. Nf1 Bf8 14. Ng3 g6 15.
a4 c5 16. d5 c4 17. Bg5 h6 18. Be3 Nc5 19. Kh1 Rb8 20. Qd2 h5 21. Ng5 Bh6 22.
axb5 axb5 23. f4 {23.Ra5 Popovic-Beliavsky/Thessaloniki ol/1989/ +/-} h4 24.
fxe5 Rxe5 25. Nf3 Bxe3 26. Qxe3 Nxd5 $1 {N} 27. Qh6 hxg3 28. Nxe5 dxe5 29. Rad1
Nf4 $1 30. Rxd8+ Rxd8 31. Qg5 Rd2 32. Qxe5 Nce6 33. Bd1 $1 $10 (33. Qb8+ Kh7
34. Qxb7 Rxg2 $19) (33. Bd1 Rxg2 34. Bg4 Rh2+ 35. Kg1 Rg2+ 36. Kf1 Rf2+ $10)
1/2-1/2

[Event "CZE-chT 1617"]
[Site "Czech Republic"]
[Date "2016.12.10"]
[Round "3.4"]
[White "Shirov, Alexei"]
[Black "Dragun, Kamil"]
[Result "1-0"]
[WhiteElo "2665"]
[BlackElo "2665"]
[Annotator "Dragun/Macieja"]
[PlyCount "151"]
[EventDate "2016.10.08"]
[EventType "team-tourn"]
[EventRounds "11"]
[EventCountry "CZE"]
[SourceTitle "CBM 176"]
[Source "ChessBase"]
[SourceDate "2017.01.17"]
[SourceVersion "1"]
[SourceVersionDate "2017.01.17"]
[SourceQuality "1"]
[WhiteTeam "Novoborsky"]
[BlackTeam "Pardubice"]
[WhiteTeamCountry "CZE"]
[BlackTeamCountry "CZE"]

1. e4 e5 2. Nf3 Nc6 3. Bb5 a6 4. Ba4 Nf6 5. O-O Be7 6. Re1 b5 7. Bb3 d6 8. c3
O-O 9. h3 Nb8 10. d4 Nbd7 11. c4 {I didn't expect that line, and unfortunately
I didn't remember how to react.} c6 {The most frequent reaction. Another
option is:} (11... Bb7 12. Nc3 $1 {Here White has a space advantage.} c6 13. a3
h6 14. Be3 Re8 15. Qc2 exd4 16. Bxd4 c5 17. Be3 Nb6 18. cxb5 axb5 19. Rad1 $14)
12. Qc2 $5 (12. Nc3 b4 $1 13. Na4 c5 $1 $11 14. d5 (14. dxc5 dxc5 15. Bc2 (15.
a3 Bb7 $11) 15... Qc7) 14... Re8 15. Bc2 Nf8 $11) 12... Bb7 {A bit passive. I
should have tried more active play:} (12... a5 $5 13. cxb5 cxb5 14. Nc3 Ba6 (
14... a4 $5 15. Bd5 Nxd5 16. Nxd5 Bb7 17. Qd3 Bxd5 18. exd5 Qb8 $13) 15. a3 Rc8
16. Qd1 h6 17. Be3 Bb7 18. Nxb5 Bxe4 19. Nc3 Bh7 20. dxe5 dxe5 21. Bc2 Bxc2 22.
Qxc2 Bb4 23. axb4 axb4 {0-1 (41) Frolyanov,D (2561)-Kamsky,G (2741) Loo 2013})
13. Nc3 exd4 14. Nxd4 b4 15. Na4 c5 16. Nf5 Re8 17. Bf4 Bf8 {I had this
position in mind while playing 13...exd4. I thought it was better for me due
to the bad location of the white pieces on the queenside. I hoped the Na4
would never rejoin the battle.} 18. f3 Ne5 19. Rad1 Qc7 $6 {Instead of
defending, I should have started attacking.} (19... Nh5 20. Bh2 (20. Nxc5 $4
Nxf4 21. Nxb7 Qb6+ 22. Kh1 Qxb7 $19) 20... g6 21. Ne3 Bc6 22. Nd5 (22. Nxc5
Nxf3+ 23. gxf3 Qg5+ 24. Kh1 dxc5 $13) 22... Bxd5 23. cxd5 (23. Rxd5 Qg5 {
[%csl Ra4,Rb3,Ge5,Gf8,Gg5,Gh5][%cal Gh5f4]}) 23... g5 24. Bc4 Nf4 25. b3 h5 $13
) 20. Bg5 Re6 21. Ne3 Rae8 $6 {I thought for a while, and eventually decided
to develop the last piece. A concrete approach was way better:} (21... Nh5 $1
22. Qf2 (22. f4 h6 $1 23. Nd5 Bxd5 24. exd5 Rg6 25. fxe5 Rxg5 26. e6 Nf4 $40) (
22. Nd5 $2 Bxd5 23. exd5 Rg6 24. Qf5 Ng3 25. Qf4 Be7 $1 26. h4 h6 $17) 22... h6
23. Bh4 g5 24. Bg3 Nxg3 25. Qxg3 Rg6 $15) 22. Qf2 {Now White has consolidated.}
h6 (22... Nh5 $5 23. Nd5 (23. Qh4 $2 h6 $1) 23... Bxd5 24. cxd5 Rg6 25. f4 Rxg5
$1 26. fxg5 Qd8 $13) 23. Bh4 Ng6 $2 {Unfortunately, moves backwards hardly
ever are good.} (23... g5 $1 24. Bg3 Nh5 25. Bh2 Nf4 26. Bc2 Bg7 $13 {[%csl
Rd5,Ge5,Gf4,Rf5,Gg7]}) 24. Nd5 $1 {Now White is grabbing the initiative.} Nxd5
$2 (24... Bxd5 $1 {should have been played. After} 25. cxd5 R6e7 26. Bxf6 gxf6
$14 {Black's structure looks terrible, however there are no other pros in
White's position. Anyway, it is a much better position that in the game, as
Black keeps chances to get some counterplay.}) 25. cxd5 Re5 26. Bg3 R5e7 27.
Bc2 {Now Black's position is already strategically tough. There are no
prospects for any counterplay, whereas White can easily improve his position.}
Rd7 28. f4 Qd8 29. b3 Be7 30. Nb2 {The last piece joins the battle.} Bf6 31.
Nc4 Bc3 ({Winning the exchange doesn't help.} 31... Bd4 32. Rxd4 cxd4 33. Qxd4
$16) 32. Re2 a5 33. Qf3 Nf8 (33... a4 $5 {should have been tried.} 34. bxa4 Ba6
35. Bb3 Ra7 36. Kh2 $14) 34. a4 $1 Ba6 35. Bd3 Bb7 36. Kh2 Nh7 {Black keeps
defending passively.} (36... f5 $5 {deserved attention} 37. exf5 Rxe2 38. Bxe2
Rf7 39. Bd3 Nh7 40. Bc2 $14) 37. Ne3 Rc7 38. Bb5 Rf8 39. Nc4 {White has placed
all the pieces on their perfect squares.} Re7 40. f5 Re5 $1 {The only chance.
Black is looking for a blockade.} 41. Bxe5 dxe5 42. g4 $6 {Not a precise move.}
(42. Qg3 $5 f6 (42... Nf6 43. Qh4 {[%csl Rf6]}) 43. h4) 42... Ng5 $1 43. Qg3 f6
44. h4 Nf7 {Now the black knight is placed quite well, thus it is not easy for
White to break through the defensive setup of his opponent.} 45. d6 $1 Bd4 46.
d7 {The white pawn is unfortunately untouchable, and will always cause a
serious problem for Black.} Qc7 47. g5 fxg5 (47... hxg5 48. hxg5 Nxg5 49. Nd2
$1 $16 {[%cal Gb5c4,Gd2f3]}) 48. f6 $1 gxf6 49. Qf3 {The black king is
defenceless.} Kg7 50. h5 $6 (50. Rf1 Nh8 51. Qf5 Bc6 (51... Ng6 52. Qe6 Nf4 53.
Rxf4 exf4 54. Nd6 $18) 52. Bxc6 Qxc6 53. hxg5 hxg5 54. Kg3 $18) 50... f5 $1 {
The only chance.} (50... Nh8 51. Qf5 $18) 51. Qxf5 Nh8 52. Qe6 (52. Rxd4 $1 {
was simpler,} exd4+ 53. Qe5+ Qxe5+ 54. Nxe5 Rd8 55. Nd3 $18) 52... Rf6 53. Qe7+
(53. Rxd4 exd4+ 54. Qe5 $18) 53... Nf7 54. Kg2 Rf4 55. Rf1 (55. Nd6 $1 Qxd6 (
55... Qd8 56. Qe8 g4 57. Nxf7 $18) 56. Qxd6 Nxd6 57. d8=Q Rg4+ 58. Kh3 Rh4+ 59.
Kg3 $18) 55... Qd8 56. Qxd8 Nxd8 57. Rxf4 exf4 58. Nxa5 $2 {It was sufficient
to stop the black pawns.} (58. Kf3 $1 Nf7 59. Rd2 Kf6 60. Nxa5 $18) 58... g4 $1
{Now, both of us were in time trouble, while the position had become unclear.}
59. Re1 Ba8 $1 60. Nc4 Kf6 $2 {Black missed that he could have taken the
central pawn, which would have probably led to a draw.} (60... Bc3 $1 61. Rd1
Bxe4+ 62. Kf1 g3 63. a5 (63. Nd2 $5 Bc2 64. Rc1 Bf5 65. Nf3) 63... f3 $1 (63...
Bd4 $6 64. Rxd4 $1 cxd4 65. Nd2 Ba8 (65... Bd5 66. a6 Kf6 67. a7 Ke7 68. Be2
Ba8 69. Bf3 Nc6 70. Nc4 d3 71. Ke1 Nxa7 72. Bxa8 Kxd7 73. Kd2 Nb5 74. Kxd3 Ke6
75. Bf3 $16) 66. Be2 Kf6 67. a6 Nc6 68. Bf3 Ke7 69. Nc4 d3 70. Kg2 $1 (70. Ke1
$2 Kxd7 71. Nb2 $11 (71. Nb6+ Kd6 72. Nxa8 Nd4 $1 $19)) 70... d2 71. Nxd2 Kxd7
72. Nc4 Kc7 73. Bd5 $16) 64. Nd6 Bc2 65. Rd5 (65. Rc1 $2 Bh7 $3 66. Rd1 Bd4 $19
) 65... Ne6 66. d8=Q (66. Bd3 Nd4 $1 $11) 66... Nxd8 67. Bd3 g2+ 68. Kg1 Ne6 $1
69. Bxc2 Nf4 70. Nf5+ Kf7 71. Rd7+ Ke8 72. Rd1 Nh3+ 73. Kh2 Nf2 74. Rb1 Be5+
75. Ng3 Ng4+ 76. Kh3 Nf2+ $11) 61. a5 Kg5 $2 {The only chance was to try again}
(61... Bc3 62. Rd1 Bxe4+ 63. Kf1 g3 64. Nd2 Ba8 {but perhaps it wouldn't be
sufficient after} 65. Ke2 {or} (65. Bd3)) 62. a6 Kh4 63. Nd2 Bc3 64. Rh1+ Kg5
65. Nf3+ $1 {The simplest.} Kf6 (65... gxf3+ 66. Kxf3 Bd4 67. Bc4 $18) 66. Rh4
$1 {White forces Black to capture the knight.} gxf3+ 67. Kxf3 Be5 68. Rg4 Bc7
69. Bc4 Nc6 70. Rg8 Ne5+ 71. Kf2 Bxe4 72. d8=Q+ Bxd8 73. Rxd8 Ng4+ 74. Ke1 f3
75. a7 f2+ 76. Kf1 1-0

[Event "Grand Slam Final 3rd"]
[Site "Bilbao"]
[Date "2010.10.15"]
[Round "6"]
[White "Anand, Viswanathan"]
[Black "Carlsen, Magnus"]
[Result "1/2-1/2"]
[WhiteElo "2800"]
[BlackElo "2826"]
[Annotator "Edouard,R"]
[PlyCount "100"]
[EventDate "2010.10.09"]
[EventType "tourn"]
[EventRounds "6"]
[EventCountry "ESP"]
[EventCategory "22"]
[SourceTitle "CBM 139"]
[Source "ChessBase"]
[SourceDate "2010.11.18"]
[SourceVersion "1"]
[SourceVersionDate "2010.11.18"]
[SourceQuality "1"]

1. e4 e5 2. Nf3 Nc6 3. Bb5 a6 4. Ba4 Nf6 5. O-O Be7 6. Re1 b5 7. Bb3 d6 8. c3
O-O 9. h3 Nb8 10. d4 Nbd7 11. Nbd2 Bb7 12. Bc2 Re8 13. a4 Bf8 14. Bd3 c6 15. b4
Nb6 16. axb5 cxb5 {Nice to see Magnus playing the same line again!} 17. d5 Rc8
18. Ra3 $146 (18. Bb2 {was Shirov move in round 3.}) 18... Nh5 19. Nf1 g6 $1
20. N1h2 {Probably the first unprecise move.} Bg7 21. Bg5 $6 Qd7 22. Be3 $6 {
Somehow, White's 2-3 last moves were just bad.} Nc4 $6 ({Both} 22... Nxd5 23.
exd5 e4 {and}) (22... Na4 {followed by ...f5 are given near by winning for
Black by the engine!}) 23. Bxc4 Rxc4 24. Nd2 Rc7 25. Nhf1 Nf4 {Also here,
Black is doing very fine.} 26. Bb6 Rcc8 27. Ne3 f5 28. f3 Rf8 29. Kh2 Rf7 $2 (
29... Nd3 30. Rf1 Bh6 {would make White's task much harder, for instance:} 31.
Qb1 Nf4 32. c4 $5 Ne2 $1 (32... bxc4 $6 33. Nexc4 Ne2 34. Be3 {is OK for White.
}) 33. c5 Bf4+ 34. Kh1 Ng3+ 35. Kg1 Nxf1 36. Ndxf1 {and White keep some
chances.}) 30. c4 $1 {Now White espaces. I think that Carlsen underestimated
his position and didn't believe he should try something too rough, or he
overestimated and thought he has enough time for preparing his attack with
moves like 29...Rf7.} bxc4 31. Nexc4 fxe4 32. fxe4 Rcf8 33. Be3 Bh6 34. Rf1 Bg7
35. Qa4 Qe7 36. b5 axb5 37. Qxb5 Bc8 38. Qb6 Qg5 39. Rf2 Qh4 40. Bxf4 ({
The defensive} 40. Nf3 $5 Qh5 41. Ng1 {could be a much better try, as Black
has huge problems with the d6-pawn, but just leads to a weird draw by force:}
Qh4 $8 42. Nxd6 Bxh3 $8 43. gxh3 Nxd5 $8 44. Qb3 Rxf2+ 45. Bxf2 Rxf2+ 46. Kh1
Qf4 47. Qxd5+ Kh8 48. Ra8+ Bf8 49. Rxf8+ Qxf8 50. Qxe5+ Qg7 $8 51. Qe8+ Qg8 52.
Qa4 Qa2 $8 {and draw.}) 40... Rxf4 (40... exf4 $5 {holds thanks to the trick}
41. Nxd6 Qg3+ $3 42. Rxg3 fxg3+ 43. Kxg3 Be5+ 44. Kh4 Rxf2 45. Nxc8 Bf6+ 46.
Kg3 Be5+ {and draw!}) 41. Rxf4 Qxf4+ 42. Kg1 Bh6 43. Rf3 Qg5 44. Qc6 Rxf3 45.
Nxf3 Qc1+ 46. Kf2 Bd7 47. Qxd7 Qxc4 48. Qe6+ Kg7 49. Qe7+ Kg8 50. Qe6+ Kg7
1/2-1/2